00815nam a2200193 4500001000700000003000900007005001700016007000300033008004100036100002700077245021100104260003700315300002200352700004400374700003000418852003200448999001900480952012200499117923ES-MaACL20250816070623.0t|070214s1964 sp r ||||1| spa d1 aPaquet, Pierre.98889710aPrevisión, inversión y financiación a través de la investigación del mercado / cPierre Paquet ; revisión y prólogo de José R. Santolalla Arbonés ; [traducción por Guillermo Lledo Vila]. aBarcelona : bSagitario, c1964. a340 p. ; c22 cm.1 aSantolalla Arbonés, José R.91034441 aLledó, Guillermo972743 aES-MaACLjC-25225 bR.54095 c117923d117923 00104070aATENEOMbATENEOMcDEPO2d2008-01-17eSCl0oC-25225p1122938r2023-02-23 00:00:00w2023-02-23yMONOGRAFIA